Utopia selvaggia : l'indio del Brasile: innocente Adamo o feroce cannibale? /
I tiakina i:
| Kaituhi matua: | |
|---|---|
| Hōputu: | Pukapuka |
| Reo: | Itāriana |
| I whakaputaina: |
Roma :
Gaffi,
[2006]
|
| Rangatū: | Ingegni ;
5 |
| Ngā Tūtohu: |
Kāore He Tūtohu, Me noho koe te mea tuatahi ki te tūtohu i tēnei pūkete!
|
MARC
| LEADER | 00000nam a22000007i 4500 | ||
|---|---|---|---|
| 001 | IT\ICCU\PAR\0942900 | ||
| 003 | ItRI | ||
| 005 | 20260115231954.0 | ||
| 008 | 060630s2006 it |||||| ||||| |||||c | ||
| 020 | |a 8887803358 | ||
| 040 | |b ita |c importazione bologna sebina | ||
| 041 | 7 | |a ita |2 ISO-639-2 | |
| 082 | |a 305.898 |9 GRUPPI RAZZIALI, ETNICI, NAZIONALI. RAZZE NATIVE SUDAMERICANE |2 19 | ||
| 100 | 1 | |a Oliveira, Vera Lúcia : de |0 IT\ICCU\CFIV\137090 |4 aut | |
| 245 | 1 | 0 | |a Utopia selvaggia : |b l'indio del Brasile: innocente Adamo o feroce cannibale? / |c Vera Lucia de Oliveira. |
| 260 | |a Roma : |b Gaffi, |c [2006] | ||
| 300 | |a VIII, 102 p. ; |c 21 cm. | ||
| 790 | 1 | |a De Oliveira Maccherani, Vera Lucia |3 IT\ICCU\CFIV\382137 |z Oliveira, Vera Lúcia : de | |
| 790 | 1 | |a De Oliveira, Vera Lucia |3 IT\ICCU\SBNV\053480 |z Oliveira, Vera Lúcia : de | |
| 790 | 1 | |a Oliveira Maccherani, Vera Lúcia : de |3 IT\ICCU\CFIV\382138 |z Oliveira, Vera Lúcia : de | |
| 830 | 0 | |a Ingegni ; |v 5 |0 IT\ICCU\TO0\1368981 | |
| 942 | |2 ddc |c BK |n 0 | ||
| 952 | |0 0 |1 0 |4 0 |6 DOC_305_898000000000000_DEO |7 0 |9 18203 |a BO |b BO |d 2026-01-15 |i 14320 |l 0 |o DOC 305.898 DEO |p BO14320 |r 2026-01-15 23:19:54 |w 2026-01-15 |x [Sebina 5] [1 v.] |y BK |z 1 v. | ||
| 999 | |c 15424 |d 15424 | ||